|
|
|
|
| LEADER |
00000nam a22000007a 4500 |
| 005 |
20210515160453.0 |
| 007 |
cr|||| |||| |
| 008 |
210515s2021 cl |||||s|||| 00||0 spa d |
| 035 |
|
|
|a 33316
|
| 040 |
|
|
|a vLex
|
| 090 |
|
|
|c 11692
|d 11692
|
| 245 |
0 |
0 |
|a Juicio Ejecutivo
|h [Recurso electrn̤ico] :
|b Prc̀tica Forense. Formularios
|
| 256 |
|
|
|a Servicio en ln̕ea
|
| 300 |
|
|
|a 1 recurso electrn̤ico
|
| 506 |
1 |
|
|a Disponible solo en los productos indicados
|d vLex Global
|d vLex Global (Academic Edition, excluding Law Schools)
|d vLex Global (U.S. Academic Edition, Law Schools)
|d vLex Global (U.S. Academic Edition, excluding Law Schools)
|d vLex Global (Academic Edition, Law Schools)
|
| 650 |
0 |
4 |
|a Derecho Procesal
|z Chile
|
| 740 |
0 |
|
|a vLex Libros (Servicio en ln̕ea)
|
| 856 |
4 |
0 |
|u https://vlex.com/source/juicio-ejecutivo-practica-forense-formularios-33316
|z Acceso restringido
|
| 942 |
|
|
|c BOOK
|
| 999 |
0 |
|
|a Procedural law
|